000 00712nam a2200205Ia 4500
003 IN-BaIIA
008 211028s9999 xx 000 0 eng d
040 _cIIA Library
080 _a55.5
_bIMD
110 _aIndia Meteorological Department
245 0 _aMeteorological conditions effecting aviation over the northwest frontier
_cIndia Meteorological Department, Richard George Veryard and Amiya Krisna Roy
260 _aDelhi
_bManager of Publications
_c1934
300 _a40p.
650 _aAstronomy and Astrophysics Thesaurus
650 _aEarth Atmosphere
650 _aMeteorology
700 _aRoy, Amiya Krisna
_9360
700 _aVeryard, Richard George
_9361
942 _cBK
999 _c175
_d175